Evaluation of Performance in the Selected Industry through Ratio Indicators

V súčasnosti sú malé a stredné firmy na trhu zastúpené v pomere až do 99 %. V rámci svojej podnikateľskej činnosti by mali sledovať finančnú výkonnosť, aby mohli vedieť správne napredovať, no zároveň včas reagovať na možné hrozby zo strany konkurenčného prostredia.

Salvato in:
Dettagli Bibliografici
Autore principale: Kopčáková, Janka, 1994-
Altri autori: Pszczolka, Jan
Natura: Capitolo di libro
Lingua:inglese
Soggetti:
Tags: Aggiungi Tag
Nessun Tag, puoi essere il primo ad aggiungerne!!

MARC

LEADER 00000naa$a2200000$$$4500
001 0290521
005 20240502074452.7
041 0 |a eng 
044 |a SK 
245 1 0 |a Evaluation of Performance in the Selected Industry through Ratio Indicators  |c Janka Kopčáková, Jan Pszczolka 
520 |a V súčasnosti sú malé a stredné firmy na trhu zastúpené v pomere až do 99 %. V rámci svojej podnikateľskej činnosti by mali sledovať finančnú výkonnosť, aby mohli vedieť správne napredovať, no zároveň včas reagovať na možné hrozby zo strany konkurenčného prostredia. 
610 2 0 |a likvidita 
610 2 0 |a zisk 
610 2 0 |a návratnosť prostriedkov obežných 
610 2 0 |a zadlženosť 
610 2 0 |a podnik 
610 2 0 |a podnik malý 
610 2 0 |a podnik stredný 
610 2 0 |a firmy 
610 2 0 |a výkonnosť 
610 2 0 |a výkonnosť podniku 
610 2 0 |a ukazovatele pomerové 
100 1 |a Kopčáková, Janka, 1994- 
700 1 |a Pszczolka, Jan